Central Library OPAC University of Rajshahi

The theory and practice of personnel management / (Record no. 60467)

MARC details
000 -LEADER
fixed length control field 00787nam a2200265 a 4500
001 - CONTROL NUMBER
control field 60467
003 - CONTROL NUMBER IDENTIFIER
rucl marc code BD-RjUL
005 - DATE AND TIME OF LATEST TRANSACTION
control field 20211209080840.0
008 - FIXED-LENGTH DATA ELEMENTS--GENERAL INFORMATION
fixed length control field 170101s1972 enk b 000 0 eng d
035 ## - SYSTEM CONTROL NUMBER
System control number (BD-RjUL)60591
040 ## - CATALOGING SOURCE
Original cataloging agency SUC
Transcribing agency SUC
Modifying agency EQO
Language of cataloging eng
041 ## - LANGUAGE CODE
Language code of text/sound track or separate title eng
082 ## - DEWEY DECIMAL CLASSIFICATION NUMBER
Edition number 23
Classification number 658.3
Author mark and year CUT 1972
100 1# - MAIN ENTRY--PERSONAL NAME
Personal name Cuming, Maurice William.
9 (RLIN) 179959
245 14 - TITLE STATEMENT
Title The theory and practice of personnel management /
Statement of responsibility, etc. [by] Maurice W. Cuming
250 ## - EDITION STATEMENT
Edition statement 2nd ed.
260 ## - PUBLICATION, DISTRIBUTION, ETC. (IMPRINT)
Place of publication, distribution, etc. London :
Name of publisher, distributor, etc. Heinemann,
Date of publication, distribution, etc. 1972
300 ## - PHYSICAL DESCRIPTION
Pagination ix, 350 p. ;
Size 22 cm
490 1# - SERIES STATEMENT
Series statement Heinemann studies in management
504 ## - BIBLIOGRAPHY, ETC. NOTE
Bibliography, etc Includes bibliographies
650 #0 - SUBJECT ADDED ENTRY--TOPICAL TERM
Topical term or geographic name as entry element Personnel management
9 (RLIN) 170518
830 #0 - SERIES ADDED ENTRY--UNIFORM TITLE
Uniform title Heinemann studies in management
942 ## - ADDED ENTRY ELEMENTS (KOHA)
Source of classification or shelving scheme Dewey Decimal Classification
Koha item type Books
Holdings
Lost status Source of classification or shelving scheme Damaged status Not for loan Collection code Permanent Location Current Location Shelving location Date acquired Source of acquisition Cost, normal purchase price Total Checkouts Full call number Date last seen Copy number Koha item type
  Dewey Decimal Classification   Not For Loan Non-fiction Central Library, University of Rajshahi Central Library, University of Rajshahi Reading Room 29/01/1975 Janathan Wren & co., London 275.00   658.3 CUT 1972 01/01/2017 C-1 Books
  Dewey Decimal Classification     Non-fiction Central Library, University of Rajshahi Central Library, University of Rajshahi   29/01/1975 Jonthon waren and co. ltd. London 2.95   658.3 CUT 1972 21/09/2019 C-2 Books
  Dewey Decimal Classification     Non-fiction Central Library, University of Rajshahi Central Library, University of Rajshahi   14/12/1974 Jonthon waren and co. ltd. London 2.95   658.3 CUT 1972 21/09/2019 C-3 Books
  Dewey Decimal Classification     Non-fiction Central Library, University of Rajshahi Central Library, University of Rajshahi   14/12/1974 Jonthon waren and co. ltd. London 2.95   658.3 CUT 1972 21/09/2019 C-4 Books
  Dewey Decimal Classification     Non-fiction Central Library, University of Rajshahi Central Library, University of Rajshahi   29/01/1975 Jonthon waren and co. ltd. London 2.95   658.3 CUT 1972 21/09/2019 C-5 Books
  Dewey Decimal Classification     Non-fiction Central Library, University of Rajshahi Central Library, University of Rajshahi   29/01/1975 Jonthon waren and co. ltd. London 2.95   658.3 CUT 1972 21/09/2019 C-6 Books
  Dewey Decimal Classification     Non-fiction Central Library, University of Rajshahi Central Library, University of Rajshahi   29/01/1975 Jonthon waren and co. ltd. London 2.95   658.3 CUT 1972 21/09/2019 C-7 Books
  Dewey Decimal Classification     Non-fiction Central Library, University of Rajshahi Central Library, University of Rajshahi   14/12/1974 Jonthon waren and co. ltd. London 2.95   658.3 CUT 1972 21/09/2019 C-8 Books
  Dewey Decimal Classification     Non-fiction Central Library, University of Rajshahi Central Library, University of Rajshahi   29/01/1975 Jonthon waren and co. ltd. London 2.95   658.3 CUT 1972 21/09/2019 C-9 Books
  Dewey Decimal Classification     Non-fiction Central Library, University of Rajshahi Central Library, University of Rajshahi   29/01/1975 Jonthon waren and co. ltd. London 2.95   658.3 CUT 1972 21/09/2019 C-10 Books